000
002830000a22000970004500
100
1
_a
George, Sherron
245
1
0
_a
Brazil : An evangelized giant calling for liberating evangelism
300
_a
Vol. 26, Núm 3 (2002), Páginas 104-109
773
0
_t
International Bulletin
942
_c
ANA
999
_c
57235
_d
57235